000 00714nam a22002175i 4500
001 53458
003 ES-MaACL
005 20251015063100.0
007 t|
008 950928s1875 fr ||||1| fre d
040 _aCAM
_bspa
_cCAM
100 1 _aEtienne, Louis,
_d1799-1885
_9126981
245 1 0 _aHistoire de la littérature italienne
_b: depuis ses origines jusqu'a nos jours /
_cpar L. Etienne.
260 _aParis :
_bHachette et Cie.,
_c1875 (
_fLahure)
300 _aX, 608 p. ;
_c18 cm.
490 1 _aHistoire universelle
650 4 _aLiteratura italiana-
_xHistoria y crítica.
_914631
830 0 0 _aHistoire universelle
_9182495
852 _aES-MaACL
_jG-15312
999 _c53458
_d53458